Once in a lifetime : (Record no. 3652)

MARC details
000 -LEADER
fixed length control field 01060cam a2200313 a 4500
001 - CONTROL NUMBER
control field 2924763
003 - CONTROL NUMBER IDENTIFIER
control field GBCCL
005 - DATE AND TIME OF LATEST TRANSACTION
control field 20241126110459.0
008 - FIXED-LENGTH DATA ELEMENTS--GENERAL INFORMATION
fixed length control field 890213s1989 tnu b 000 0deng
010 ## -
-- 89003117
020 ## - INTERNATIONAL STANDARD BOOK NUMBER
International Standard Book Number 0840771940
040 ## - CATALOGING SOURCE
Original cataloging agency DLC
Transcribing agency DLC
Modifying agency DLC
050 00 -
-- BV4905.2
-- .S59 1989
082 00 - DEWEY DECIMAL CLASSIFICATION NUMBER
Classification number 248.86
Edition information 19
Item number SMI
100 1# - MAIN ENTRY--PERSONAL NAME
Personal name Smith, Harold Ivan,
Dates associated with a name 1947-
9 (RLIN) 5604
245 10 - TITLE STATEMENT
Title Once in a lifetime :
Remainder of title reflections upon the death of a father /
Statement of responsibility, etc. Harold Ivan Smith.
260 ## - PUBLICATION, DISTRIBUTION, ETC.
Place of publication, distribution, etc. Nashville :
Name of publisher, distributor, etc. T. Nelson,
Date of publication, distribution, etc. c1989.
300 ## - PHYSICAL DESCRIPTION
Extent 156 p. ;
Dimensions 22 cm.
504 ## - BIBLIOGRAPHY, ETC. NOTE
Bibliography, etc. note Includes bibliographical references (p. 153-156).
600 10 - SUBJECT ADDED ENTRY--PERSONAL NAME
Personal name Smith, Harold Ivan,
Dates associated with a name 1947-
9 (RLIN) 5604
650 #0 - SUBJECT ADDED ENTRY--TOPICAL TERM
Topical term or geographic name entry element Consolation.
9 (RLIN) 348
650 #0 - SUBJECT ADDED ENTRY--TOPICAL TERM
Topical term or geographic name entry element Fathers
General subdivision Death.
9 (RLIN) 7251
650 #0 - SUBJECT ADDED ENTRY--TOPICAL TERM
Topical term or geographic name entry element Death
General subdivision Religious aspects
-- Christianity.
9 (RLIN) 3965
650 #0 - SUBJECT ADDED ENTRY--TOPICAL TERM
Topical term or geographic name entry element Grief
General subdivision Religious aspects
-- Christianity.
9 (RLIN) 5605
650 #0 - SUBJECT ADDED ENTRY--TOPICAL TERM
Topical term or geographic name entry element Bereavement
General subdivision Religious aspects
-- Christianity.
9 (RLIN) 5489
906 ## - LOCAL DATA ELEMENT F, LDF (RLIN)
a 7
b cbc
c orignew
d 1
e ocip
f 19
g y-gencatlg
942 ## - ADDED ENTRY ELEMENTS (KOHA)
Source of classification or shelving scheme Dewey Decimal Classification
Koha item type Books
Holdings
Withdrawn status Lost status Source of classification or shelving scheme Damaged status Not for loan Home library Current Library Shelving location Date acquired Total checkouts Full call number Barcode Date last seen Copy number Price effective from Koha item type
    Dewey Decimal Classification     GRACE BIBLE COLLEGE GRACE BIBLE COLLEGE Ministry & Mission 2017-11-30   248.86 SMI 008207 2025-05-01 c.1 2017-11-30 Books
© Grace Bible College Library 2025